|
|
|
|
| LEADER |
00000nam a2900000 i 4500 |
| 001 |
000004613 |
| 005 |
20240805151800.0 |
| 007 |
ta |
| 008 |
972207s1988 mx 000 0 spa d |
| 020 |
|
|
|a 9684930666
|
| 040 |
|
|
|a MX-MxUAM
|b spa
|e rda
|c MX-MxUAM
|
| 041 |
0 |
|
|a spa
|
| 050 |
|
4 |
|a PQ7298.23 A8.8
|b A7
|
| 090 |
|
|
|a PQ7298.23 A8.8
|b A7
|
| 100 |
1 |
|
|a Mastretta, Angeles,
|d 1949-,
|e autora
|
| 245 |
1 |
0 |
|a Arráncame la vida /
|c Angeles Mastretta.
|
| 250 |
|
|
|a 1a. ed. 1985
|
| 264 |
|
1 |
|a México, D. F. :
|b Océano,
|c 1988.
|
| 300 |
|
|
|a 226 páginas :
|b ilustraciones ;
|c 23 cm.
|
| 336 |
|
|
|a texto
|b txt
|2 rdacontent
|
| 337 |
|
|
|a sin medio
|b n
|2 rdamedia
|
| 338 |
|
|
|a volumen
|b nc
|2 rdacarrier
|
| 905 |
|
|
|a LIBROS
|
| 092 |
|
|
|0 Rosa Ma. Guevara Hdez.*
|
| 938 |
|
|
|a Comunidad
|c CSH
|
| 949 |
|
|
|a Biblioteca UAM Iztapalapa
|b Colección General
|c PQ7298.23 A8.8 A7
|